Chemical and biological warfare : (Record no. 33416)
[ view plain ]
| 000 -LEADER | |
|---|---|
| campo de control de longitud fija | 01562cam a22003134a 4500 |
| 001 - NÚMERO DE CONTROL | |
| campo de control | 27791 |
| 005 - FECHA Y HORA DE LA ÚLTIMA TRANSACCIÓN | |
| campo de control | 20230410105256.0 |
| 008 - DATOS DE LONGITUD FIJA--INFORMACIÓN GENERAL | |
| campo de control de longitud fija | 011015s2002 nyua b 001 0 eng |
| 035 ## - NÚMERO DE CONTROL DEL SISTEMA | |
| Número de control de sistema | 12563999 |
| 010 ## - NÚMERO DE CONTROL DE LA BIBLIOTECA DEL CONGRESO | |
| Número de control de LC | 2001054929 |
| 035 ## - NÚMERO DE CONTROL DEL SISTEMA | |
| Número de control de sistema | (OCoLC)ocm48162561 |
| 040 ## - FUENTE DE CATALOGACIÓN | |
| Centro catalogador/agencia de origen | DLC |
| Centro/agencia transcriptor | DLC |
| Centro/agencia modificador | YDX |
| -- | OHX |
| -- | VET |
| -- | OCLCQ |
| -- | NLM |
| -- | UKM |
| -- | DLC |
| 016 7# - NÚMERO DE CONTROL DE UNA AGENCIA BIBLIOGRÁFICA NACIONAL | |
| Número de control del registro | 101133974 |
| Fuente | DNLM |
| 020 ## - NÚMERO INTERNACIONAL ESTÁNDAR DEL LIBRO | |
| Número Internacional Estándar del Libro | 0387950761 (alk. paper) |
| 042 ## - CÓDIGO DE AUTENTICACIÓN | |
| Código de autenticación | pcc |
| 050 14 - SIGNATURA TOPOGRÁFICA DE LA BIBLIOTECA DEL CONGRESO | |
| Número de clasificación | UG 447 |
| Número de ítem | C938c 2002 |
| 082 00 - NÚMERO DE LA CLASIFICACIÓN DECIMAL DEWEY | |
| Número de clasificación | 355/.34 |
| Número de edición | 21 |
| 100 1# - ENTRADA PRINCIPAL--NOMBRE DE PERSONA | |
| Nombre de persona | Croddy, Eric, |
| Fechas asociadas al nombre | 1966- |
| 245 10 - MENCIÓN DEL TÍTULO | |
| Título | Chemical and biological warfare : |
| Resto del título | a comprehensive survey for the concerned citizen / |
| Mención de responsabilidad, etc. | Eric Croddy. |
| 260 ## - PUBLICACIÓN, DISTRIBUCIÓN, ETC. | |
| Lugar de publicación, distribución, etc. | New York : |
| Nombre del editor, distribuidor, etc. | Copernicus Books, |
| Fecha de publicación, distribución, etc. | c2002. |
| 300 ## - DESCRIPCIÓN FÍSICA | |
| Extensión | xxii, 306 p. : |
| Otras características físicas | ill. ; |
| Dimensiones | 25 cm. |
| 504 ## - NOTA DE BIBLIOGRAFÍA, ETC. | |
| Nota de bibliografía, etc. | Includes bibliographical references (p. 293-294) and index. |
| 505 8# - NOTA DE CONTENIDO CON FORMATO | |
| Nota de contenido con formato | Machine generated contents note: PART ONE: GAS, BUGS, AND COMMON SENSE -- Chapter 1: The Fog of War -- Chapter 2: Who Has These Weapons? -- Chapter 3: Threats and Responses -- PART TWO: CHEMICAL AGENTS -- Chapter 4: Basic Concepts -- Chapter 5: Chemical Warfare: A Brief History -- Chapter 6: Control and Disarmament -- PART THREE: BIOLOGICAL AGENTS -- Chapter 7: Basic Concepts -- Chapter 8: Biological Warfare: A Brief History -- Chapter 9: Control and Disarmament -- Chapter 10: Vaccination and Biological Warfare. |
| 650 #0 - PUNTO DE ACCESO ADICIONAL DE MATERIA--TÉRMINO DE MATERIA | |
| Término de materia o nombre geográfico como elemento de entrada | Chemical warfare. |
| 650 #0 - PUNTO DE ACCESO ADICIONAL DE MATERIA--TÉRMINO DE MATERIA | |
| Término de materia o nombre geográfico como elemento de entrada | Biological warfare. |
| 856 41 - LOCALIZACIÓN Y ACCESO ELECTRÓNICOS | |
| Materiales especificados | Table of contents |
| Identificador Uniforme de Recursos | <a href="http://www.loc.gov/catdir/toc/fy032/2001054929.html">http://www.loc.gov/catdir/toc/fy032/2001054929.html</a> |
| 925 0# - | |
| -- | acquire |
| -- | 2 shelf copies |
| -- | policy default |
| 942 ## - ELEMENTOS DE ENTRADA SECUNDARIOS (KOHA) | |
| Fuente del sistema de clasificación o colocación | Clasificación de Library of Congress |
| Tipo de ítem Koha | |
| Estatus retirado | Estado de pérdida | Fuente del sistema de clasificación o colocación | Estado de daño | No para préstamo | Colección | Biblioteca de origen | Biblioteca actual | Ubicación en estantería | Fecha de adquisición | Serial enumeration / chronology | Signatura topográfica completa | Código de barras | Visto por última vez | Tipo de ítem Koha |
|---|---|---|---|---|---|---|---|---|---|---|---|---|---|---|
| Clasificación de Library of Congress | Recursos Regionales | Biblioteca Juan Bosch | Biblioteca Juan Bosch | Recursos Regionales (2do. Piso) | 10/04/2023 | 1 | UG 447 C938c 2002 | 00000028661 | 23/10/2018 |
